03859nam a22002777a 45000010005000000030006000050050017000110080041000280200018000690400029000870500009001160820010001251000018001352450397001532600055005503000049006054900041006545050008006955201809007035200900025125210029034125210020034416500058034616500032035197000030035519291FISKH20251209104605.0251209b cb ||||| |||| 00| 0 eng d a9789996301773 aFISKHbkhrcFISKHdFISKH aPZ7  a398.2 aSopy , Vichay aពលឯក : bPol Ek /cនិពន្ធដោយ លោក វិឆ័យ សុភី , ត្រួតពិនិត្យអក្ខរាវិរុទ្ធ អ្នកស្រី គឹមស៊ុន សុធារី ,​ លោក ធី ចាន់ថន , អ្នកនាង វ៉ាត ចរិយា និង កញ្ញា វុិច វឌ្ឍនា​ aភ្នំពេញ :bReading Books , c2012 .  a24 pages : bcolor illustrations ; c25 cm.  aពិភពរឿងនិទាន aN  aមានប្តីប្រពន្ធរពីរនាក់មានកូន២ នាក់ឈ្មោះពលឯក និងអនុជា ។​ ថ្ងៃមួយឪពុកម្តាយក៏បានស្តីបន្ទោសពលឯក ហើយគេក៏បានចាកចេញពីផ្ទះហើយអនុជាក៏មកតាមបងប្រុសទោះឪពុកម្តាយឃាត់យ៉ាងណាក៏មិនស្តាប់ ។ នៅតាមផ្លូវពួកគេក៏បានជួបនឹងយក្ស យក្សចាញ់កលពួកគេក៏នាំពួកគេទៅនគរហើយក៏ផ្តល់វត្ថុទិព្វ៤ដល់អ្នកទាំង២ហើយសន្យាលើកកូនស្រីអោយរៀបការជាមួយពលឯក ។ ក្រោយមកពលឯកក៏បានចាកចេញពីនគរយក្សដោយយកវត្ថុទិព្វ២មកជាមួយ ។ អនុជាមានវត្ថុទិព្វ២នៅជាប់ខ្លួន ។ ចំណេរក្រោយមកពួកគេក៏មានមហេសីនិងឡើងសោយរាជ្យរៀងខ្លួន​ ហើយក៏លើកទ័ពមកច្បាំងគ្នា ។​ ក្រោយបានដឹងការពិតពួកគេក៏ចងសម្ពន្ធ័មិត្តនឹងគ្នា​ហើយបានទៅទទួលយកបុត្រីយក្សមកធ្វើជាមហេសីម្នាក់ទៀត ។ ហើយក៏បានស្វែងរកឪពុកម្តាយពួកគេមកនៅជាមួយផងដែរ ។  aThere was a husband and wife who had two children named Pol Ek and Anouchea. One day, the parents scolded Pol Ek, and he left home; Anouchea followed his brother even though their parents tried to stop him. Along the way, they encountered a giant. The giant, unable to defeat their cleverness, took them to his kingdom and gave the two brothers four magical objects, promising to give his daughter in marriage to Pol Ek . Later, Pol Ek left the kingdom of the giant, taking two of the magical objects with him. Anouchea kept the other two magical objects. Eventually, they each became kings with their own queens, and they raised armies to wage war against each other. After learning the truth, they reconciled and formed a bond of friendship. They then went to receive the giant’s daughter to make her another queen. They also searched for their parents and brought them to live with them.8 a550 bLexile estimate 8 aN bRaz-Plus  aពលឯកvរឿងនិទានកុមារ aPol EkvChildren's Stories  aSan , Thai eIllustrator